000 00844nam a2200253Ia 4500
003 OSt
005 20220923223922.0
006 a|||||r|||| 00| 0
007 ta
008 220922b |||||||| |||| 00| 0 hin d
024 _a223,319
037 _cTextual
040 _aARTS
_cARTS
_bhin
041 _2hin
_ahin
082 _aO152:g(Y), P4
100 _aमुद्राराक्षस
245 0 _aआलोचना का समाजशास्त्र
246 _aĀlochanā kā samājashāstra
260 _aनयी दिल्ली
_b नेशनल पब्लिशिंग हाउस
_c2004
300 _a320पृ.
_ccm.
650 _aहिन्दी साहित्य
_9156264
942 _hO152:g(Y), P4
_cTEXL
_2CC
999 _c368230
_d368230